[Event "Druzynowe Mistrzostwa Polski Juniorow - II liga"]
[Site "Sypniewo k. Jastrowia"]
[Date "2023-06-20"]
[Round "7.38"]
[White "Baranowski, Jan"]
[Black "Nawrocki, Michal"]
[Result "1/2-1/2"]
[WhiteTitle "II"]
[BlackTitle "I"]
[WhiteElo "1294"]
[BlackElo "1595"]

1. e4 2. c5 3. Nf3 4. d6 5. d4 6. cxd4 7. Nxd4 8. Nf6 9. Nc3 10. a6 11. f3 12.
e5 13. Nb3 14. Be6 15. Be3 16. Be7 17. Be2 18. d5 19. exd5 20. Nxd5 21. Nxd5 22.
Bxd5 23. O-O 24. O-O 25. Qd2 26. Bxb3 27. axb3 28. Bc5 29. Bd3 30. Qg5 31. Rae1
32. Rd8 33. Kh1 34. Bxe3 35. Qxe3 36. Qxe3 37. Rxe3 38. Nd7 39. Rd1 40. f6 41.
Bc4+ 42. Kf8 43. Red3 44. Ke7 45. b4 46. Nb6 47. Rxd8 48. Rxd8 49. Rxd8 Kxd8 50.
Bg8 51. h6 52. b3 53. Nc8 54. Kg1 55. Kc7 56. Kf2 57. Ne7 58. Bc4 59. Kd6 60.
g4 61. Ng6 62. Bd3 63. Nf4 64. Be4 65. b6 66. Bb7 67. a5 68. bxa5 69. bxa5 70.
Be4 71. Kc5 72. c3 73. Ne6 74. h4 75. Nf4 76. h5 77. Kb5 78. Ke3 79. a4 80. bxa4+
81. Kxa4 82. Kd2 83. Kb3 84. Bh7 85. Kc4 86. Bg8+ 87. Kc5 88. Ke3 89. Ng2+ 90.
Ke4 91. Nf4 92. Kf5 93. Kd6 94. Ke4 95. Kc5 96. Ke3 97. Ng2+ 98. Ke4 1/2-1/2

[Event "Druzynowe Mistrzostwa Polski Juniorow - II liga"]
[Site "Sypniewo k. Jastrowia"]
[Date "2023-06-20"]
[Round "7.39"]
[White "Nowicki, Franciszek"]
[Black "Ejsymont, Eryk"]
[Result "1-0"]
[WhiteTitle "II"]
[BlackTitle "II+"]
[WhiteElo "1289"]
[BlackElo "1385"]

1. c4 2. Nf6 3. Nc3 4. g6 5. e4 6. d6 7. g3 8. Bg7 9. Bg2 10. O-O 11. Nge2 12.
e5 13. O-O 14. Nfd7 15. d3 16. f5 17. f4 18. Nc6 19. Be3 20. Nd4 21. Bxd4 22.
exd4 23. Nb5 24. c6 25. Nxd6 26. Nf6 27. e5 28. Ng4 29. Qb3 30. Be6 31. Nxd4 32.
Bf7 33. Rae1 34. Rb8 35. h3 36. Nf6 37. Kh2 38. Ne8 39. Nxf7 40. Rxf7 41. Ne6
42. Qe7 43. Ng5 44. Rf8 45. Bxc6 46. Kh8 47. Bg2 48. Nc7 49. d4 50. b6 51. d5
52. Na6 53. d6 54. Qd7 55. Qb5 56. Qxb5 57. cxb5 58. Nc5 59. b4 60. Nd3 61. Rd1
62. Nxb4 63. d7 64. Rfd8 65. Nf7+ 66. Kg8 67. Nxd8 68. Rxd8 69. e6 70. Bf6 71.
Rfe1 72. Be7 73. Re2 74. Kf8 75. a3 76. a5 77. axb4 Bxb4 78. Rd4 79. Bc5 80. Rc4
81. Ke7 82. g4 83. Bd6 84. gxf5 85. gxf5 86. Kg3 87. Rg8+ 88. Kf3 89. Bc5 90.
Re5 91. Rf8 92. h4 93. h5 94. Bh3 95. a4 96. Rxa4 97. Rg8 98. Rxf5 99. Bf2 100.
Rf7+ 101. Kd6 102. Kxf2 103. Rg6 104. d8=Q+ 105. Kc5 106. Qd4+ 107. Kxb5 108.
Qc4# 1-0

[Event "Druzynowe Mistrzostwa Polski Juniorow - II liga"]
[Site "Sypniewo k. Jastrowia"]
[Date "2023-06-20"]
[Round "7.40"]
[White "Rabiej, Mateusz"]
[Black "Kurczewski, Borys"]
[Result "1-0"]
[WhiteTitle "II"]
[BlackTitle "II"]
[WhiteElo "1243"]
[BlackElo "1153"]

1. e4 2. c5 3. Nf3 4. e6 5. d4 6. cxd4 7. Nxd4 8. Nf6 9. Nc3 10. Nc6 11. Ndb5 12.
Bb4 13. a3 14. Bxc3+ 15. Nxc3 16. d5 17. exd5 18. exd5 19. Bd3 20. d4 21. Ne2
22. O-O 23. O-O 24. Bg4 25. f3 26. Be6 27. Bg5 h6 28. Bd2 29. Qb6 30. Qc1 31.
Ne5 32. Qe1 33. Nxd3 34. cxd3 35. Qxb2 36. Rb1 37. Qxa3 38. Bb4 39. Qxd3 40. Bxf8
41. Rxf8 42. Nf4 43. Qa6 44. Nxe6 45. fxe6 46. Qb4 47. e5 48. Qxb7 49. Qxb7 50.
Rxb7 51. Ra8 52. Ra1 53. a5 54. Rb5 55. a4 56. Rxe5 57. a3 58. Re2 59. Nd5 60.
Rea2 61. Rc8 62. Rxa3 63. Nc3 64. Kf2 65. Nb5 66. Ra5 67. Rc2+ 68. Kf1 69. Nc3
70. Ra8+ 71. Kf7 72. Rd8 73. Rd2 74. Ra7+ 75. Kf6 76. Rf8+ 77. Kg5 78. Rxg7+ 79.
Kh5 80. Re7 81. d3 82. Rg7 83. Rd1+ 84. Kf2 85. Rd2+ 86. Ke3 87. Re2+ 88. Kxd3
89. Re6 90. Kxc3 91. Kh4 92. Rg3 93. h5 94. Rh3+ 95. Kg5 96. Rxh5+ 1-0

[Event "Druzynowe Mistrzostwa Polski Juniorow - II liga"]
[Site "Sypniewo k. Jastrowia"]
[Date "2023-06-20"]
[Round "7.41"]
[White "Michalska, Anna-maria"]
[Black "Nurkiewicz, Anna"]
[Result "1-0"]
[WhiteTitle "I"]
[BlackTitle "I+"]
[WhiteElo "1382"]
[BlackElo "1247"]

1. c4 2. c5 3. Nc3 4. Nc6 5. g3 6. g6 7. Bg2 8. Bg7 9. e4 10. d6 11. Nge2 12. e6
13. a3 14. Nge7 15. Rb1 16. a6 17. b4 18. b6 19. d3 20. Bd7 21. b5 22. axb5 23.
Nxb5 24. Qb8 25. Bb2 26. O-O 27. Bxg7 28. Kxg7 29. O-O 30. Ne5 31. Nec3 32. Bc6
33. f4 34. Nd7 35. Rb3 36. Nf6 37. d4 38. cxd4 39. Qxd4 40. Rd8 41. Rd1 42. d5
43. cxd5 44. exd5 45. e5 46. Ne4 47. Bxe4 48. dxe4 49. Nd6 50. Nf5 51. Nxf5+ 52.
gxf5 53. Qxd8 54. Qxd8 55. Rxd8 56. Rxd8 57. Rxb6 58. Be8 59. Rb1 60. Rd3 61.
Rc1 62. e3 63. a4 64. Bxa4 65. Nxa4 66. e2 67. Re1 68. Ra3 69. Nb2 70. f6 71.
exf6+ 72. Kxf6 73. Rxe2 74. h5 75. Kf2 76. h4 77. Kg2 78. hxg3 79. hxg3 80. Kg6
81. Nc4 82. Rc3 83. Ne5+ 84. Kf6 85. Nd7+ 86. Kg6 87. Re6+ 88. Kf7 89. Re2 90.
Kg6 91. Kh3 92. Rc1 93. Kg2 94. Rc3 95. Kf2 96. Kh5 97. Nf6+ 98. Kg6 99. Nd5 100.
Rc5 101. Re5 1-0

[Event "Druzynowe Mistrzostwa Polski Juniorow - II liga"]
[Site "Sypniewo k. Jastrowia"]
[Date "2023-06-20"]
[Round "7.42"]
[White "Ejsymont, Blanka"]
[Black "Bartkowiak, Aleksandra"]
[Result "1-0"]
[WhiteTitle "I++"]
[BlackTitle "II"]
[WhiteElo "1444"]
[BlackElo "1135"]

1. d4 2. d5 3. c4 4. e6 5. Nc3 6. Nf6 7. cxd5 8. exd5 9. Bg5 10. Be7 11. e3 12.
b6 13. Bd3 14. Bb7 15. Nge2 16. O-O 17. O-O 18. Nbd7 19. Ng3 20. h6 21. Bxf6 22.
Nxf6 23. Nf5 24. c5 25. Qf3 26. Bd6 27. Nb5 28. Bc7 29. Nxc7 30. Qxc7 31. Nxh6+
32. Kh8 33. Ng4 34. Nxg4 35. Qxg4 36. g6 37. f4 38. Kg7 39. f5 40. Rh8 41. fxg6
42. Qxh2+ 43. Kf2 44. Bc8 45. Qf3 46. Qh4+ 47. g3 48. Qe7 49. Qxd5 50. Rh2+ 51.
Kg1 52. Qxe3+ 53. Kxh2 54. Qh6+ 55. Kg1 56. Qe3+ 57. Kg2 58. Qd2+ 59. Rf2 60.
Bh3+ 61. Kg1 62. Qxd3 63. Qxf7+ 64. Kh6 1-0

[Event "Druzynowe Mistrzostwa Polski Juniorow - II liga"]
[Site "Sypniewo k. Jastrowia"]
[Date "2023-06-20"]
[Round "7.43"]
[White "Pulit, Kacper"]
[Black "Krasniewski, Szymon"]
[Result "0-1"]
[WhiteTitle "II"]
[BlackTitle "I"]
[WhiteElo "1332"]
[BlackElo "1856"]

1. e4 2. g6 3. d4 4. Bg7 5. Nc3 6. d6 7. Be3 8. a6 9. h4 10. h5 11. Qd2 12. b5
13. f3 14. Bb7 15. O-O-O 16. Nd7 17. Nh3 18. c5 19. dxc5 20. dxc5 21. Nxb5 22.
axb5 23. Bxb5 24. Nf6 25. c4 26. O-O 27. Bxd7 28. Rxa2 29. Bb5 30. Qa8 31. Nf2
32. Ba6 33. Qc2 34. Bxb5 35. cxb5 36. Qa5 37. Qc4 38. Nxe4 39. Bd2 40. Bxb2+ 41.
Kb1 42. Nxd2+ 43. Rxd2 44. Ra1+ 45. Kc2 46. Rxh1 47. Nxh1 48. Bd4 49. Ng3 50.
Rb8 51. Ne2 52. Bf6 53. Nf4 54. Rxb5 55. Nd3 56. Rb8 57. Kd1 58. Qa1+ 59. Ke2
60. Qg1 61. Rd1 62. Qxg2+ 63. Ke3 64. Bd4+ 65. Kf4 66. Qh2+ 67. Kg5 68. Qg3+ 69.
Kh6 70. Bg7# 0-1

[Event "Druzynowe Mistrzostwa Polski Juniorow - II liga"]
[Site "Sypniewo k. Jastrowia"]
[Date "2023-06-20"]
[Round "7.44"]
[White "Krasniewski, Maciej"]
[Black "Penar, Marcin"]
[Result "1-0"]
[WhiteTitle "I"]
[BlackTitle "II"]
[WhiteElo "1696"]
[BlackElo "1280"]

1. d4 2. d5 3. c4 4. c6 5. Nc3 6. Nf6 7. Nf3 8. e6 9. e3 10. Nbd7 11. Qc2 12. Bd6
13. b3 14. Qe7 15. Bb2 16. O-O 17. Bd3 18. Re8 19. Rd1 20. b6 21. e4 22. dxe4
23. Nxe4 24. Bb4+ 25. Ned2 26. c5 27. O-O 28. Bb7 29. Ne5 30. cxd4 31. Bxd4 32.
Nxe5 33. Bxe5 34. h6 35. Qb2 36. Rad8 37. Bb1 38. Rd7 39. Bxf6 40. gxf6 41. Ne4
Bxe4 42. Rxd7 43. Qxd7 44. Bxe4 45. f5 46. Bf3 47. Rd8 48. Qf6 49. Bf8 50. Bh5
51. Bg7 52. Bxf7+ 53. Kh8 54. Qxe6 55. Qd3 56. Bg6 57. Qd2 58. Bxf5 59. Qxa2 60.
Qe3 61. Rf8 62. g4 63. Qb2 64. Rd1 65. Qf6 66. Rd7 67. Qa1+ 68. Kg2 69. Ra8 70.
Rd6 71. Qa6 72. Rxh6+ 73. Kg8 1-0

[Event "Druzynowe Mistrzostwa Polski Juniorow - II liga"]
[Site "Sypniewo k. Jastrowia"]
[Date "2023-06-20"]
[Round "7.45"]
[White "Plywacz, Mateusz"]
[Black "Rzap, Filip"]
[Result "1/2-1/2"]
[WhiteTitle "II"]
[BlackTitle "II+"]
[WhiteElo "1584"]
[BlackElo "1511"]

1. e4 2. c5 3. Nf3 4. d6 5. c3 6. Nf6 7. h3 8. g6 9. Bd3 10. Bg7 11. Bc2 12. O-O
13. d4 14. Nc6 15. O-O 16. b5 17. dxc5 18. dxc5 19. Be3 20. Nd7 21. Qc1 22. Re8
23. Rd1 24. Qc7 25. Nbd2 26. Rb8 27. Nb3 28. c4 29. Nbd4 30. a6 31. Nxc6 32. Qxc6
33. Bd4 34. e5 35. Be3 36. Bb7 37. a4 38. Qc7 39. axb5 40. axb5 41. Nd2 42. Bf8
43. b3 44. cxb3 45. Bxb3 46. Nf6 47. f3 48. Ra8 49. Qb2 50. Nh5 51. Nf1 52. Bc5
53. Kh2 54. Rxa1 55. Qxa1 56. Ra8 57. Qb2 58. Nf6 59. Qd2 60. Be7 61. Qc2 62.
Rc8 63. Rd3 64. Kg7 65. Bg5 66. h6 67. Bxf6+ 68. Bxf6 69. Qd1 70. Rd8 1/2-1/2

[Event "Druzynowe Mistrzostwa Polski Juniorow - II liga"]
[Site "Sypniewo k. Jastrowia"]
[Date "2023-06-20"]
[Round "7.46"]
[White "Krasniewski, Grzegorz"]
[Black "Schiller, Marcin"]
[Result "1/2-1/2"]
[WhiteTitle "II"]
[BlackTitle "II+"]
[WhiteElo "1220"]
[BlackElo "1327"]

1. e4 2. e6 3. d4 4. d5 5. Nd2 6. c5 7. exd5 8. Qxd5 9. Ngf3 10. cxd4 11. Bc4 12.
Qd6 13. O-O 14. Nf6 15. Nb3 16. Nc6 17. Nbxd4 18. Nxd4 19. Nxd4 20. a6 21. a4
22. Be7 23. b3 24. O-O 25. Bb2 26. Re8 27. Qe2 28. e5 29. Nf3 30. e4 31. Ne5 32.
Be6 33. Rad1 34. Qc7 35. Bxe6 36. fxe6 37. Qc4 38. Qxc4 39. Nxc4 40. Nd5 41. Rfe1
42. b5 43. Ne3 44. Rad8 45. g3 46. Bc5 47. Bd4 48. Bxd4 49. Rxd4 50. Nc3 51. Rxd8
52. Rxd8 53. axb5 54. axb5 55. Ra1 56. Rc8 57. Kf1 58. Kf7 59. Ke1 60. Rc7 61.
Nd1 62. Nd5 63. Rc1 64. b4 65. Kd2 66. Rd7 67. Ke2 68. Rc7 69. Kd2 Rd7 70. c4
1/2-1/2

[Event "Druzynowe Mistrzostwa Polski Juniorow - II liga"]
[Site "Sypniewo k. Jastrowia"]
[Date "2023-06-20"]
[Round "7.47"]
[White "Bartoszek, Julia"]
[Black "Wasilowska, Anna"]
[Result "1-0"]
[WhiteTitle "I"]
[BlackTitle "III"]
[WhiteElo "1373"]
[BlackElo "1252"]

1. d4 2. g6 3. c4 4. Nf6 5. Nc3 6. Bg7 7. e4 8. d6 9. Nf3 10. O-O 11. Be3 12. Nbd7
13. Qd2 14. c5 15. d5 16. Nb6 17. Be2 18. e6 19. dxe6 20. fxe6 21. Rd1 22. Ne8
23. Bxc5 24. Qf6 25. Bxd6 26. Nxd6 27. Qxd6 28. Bd7 29. c5 30. Rad8 31. e5 32.
Qf4 33. cxb6 34. axb6 35. Qd4 36. Qf7 37. O-O 38. Bc6 39. Qxb6 40. Rxd1 41. Rxd1
42. Qf5 43. Qe3 44. Qg4 45. h3 46. Qh5 47. Nd4 48. Qxe5 49. Qxe5 50. Bxe5 51.
Nxc6 52. bxc6 53. Bc4 54. c5 55. Bxe6+ 56. Kh8 57. Bg4 58. Bd4 59. Bf3 60. h5
61. Rd2 62. Re8 63. Re2 64. Rd8 65. Re6 66. Kh7 67. Be4 68. Rf8 69. Nd1 70. Kh8
71. Kf1 72. Rc8 73. Rxg6 74. c4 75. Rh6+ 76. Kg7 77. Rxh5 78. c3 79. Nxc3 80.
Bxc3 81. bxc3 82. Rxc3 83. Ra5 84. Rc1+ 85. Ke2 86. Rc7 87. a4 88. Re7 89. f3
90. Re8 91. Rb5 92. Kf6 93. a5 94. Re6 95. Rb6 96. Rxb6 97. axb6 98. Kg5 99. b7
100. Kh4 101. b8=Q 102. Kg5 103. Qe5+ 104. Kh6 105. Qg3 106. Kh5 107. Qg4+ 108.
Kh6 109. Qg6# 1-0

[Event "Druzynowe Mistrzostwa Polski Juniorow - II liga"]
[Site "Sypniewo k. Jastrowia"]
[Date "2023-06-20"]
[Round "7.49"]
[White "Stanislawski, Karol"]
[Black "Doroba, Ludwik"]
[Result "1/2-1/2"]
[WhiteTitle "I"]
[BlackTitle "II"]
[WhiteElo "1758"]
[BlackElo "1420"]

1. d4 2. d5 3. Nf3 4. Nf6 5. g3 6. c6 7. Bg2 8. g6 9. O-O 10. Bg7 11. b3 12. O-O
13. c4 14. dxc4 15. bxc4 16. c5 17. Bb2 18. cxd4 19. Nxd4 20. Qb6 21. Qc1 22.
Bd7 23. Nd2 24. Nc6 25. e3 26. Rac8 27. Bc3 28. Qc7 29. Qa3 30. a6 31. Rab1 32.
Ne8 33. Rfd1 34. Nd6 35. Rdc1 36. Rfe8 37. c5 38. Nf5 39. Qb2 40. Nfxd4 41. exd4
42. Bf5 43. Ne4 44. Rcd8 45. Rd1 46. e6 47. Rbc1 48. Bxe4 49. Bxe4 50. Re7 51.
d5 52. Bxc3 53. Qxc3 54. exd5 55. Bxd5 56. Red7 57. Qb3 58. Qe5 59. Bxc6 60. Rxd1+
61. Rxd1 62. Rxd1+ 63. Qxd1 64. bxc6 65. Qc2 66. Qd5 1/2-1/2

[Event "Druzynowe Mistrzostwa Polski Juniorow - II liga"]
[Site "Sypniewo k. Jastrowia"]
[Date "2023-06-20"]
[Round "7.50"]
[White "Rumniak, Aleksy"]
[Black "Gorecki, Michal"]
[Result "1-0"]
[WhiteTitle "II"]
[BlackTitle "II+"]
[WhiteElo "1272"]
[BlackElo "1509"]

1. e4 2. c5 3. Nf3 4. Nc6 5. d4 6. cxd4 7. Nxd4 8. Nf6 9. Nc3 10. e5 11. Ndb5 12.
d6 13. Nd5 14. Nxd5 15. exd5 16. Ne7 17. c4 18. Nf5 19. Bd3 20. Be7 21. O-O 22.
O-O 23. Nc3 24. Bd7 25. Ne2 26. Rc8 27. Ng3 28. Nxg3 29. hxg3 30. f5 31. Qb3 32.
b6 33. f4 34. e4 35. Be2 36. Bf6 37. Be3 38. Qe8 39. a4 40. Rb8 41. Qa3 42. Qe7
43. Rab1 44. g6 45. b4 46. h5 47. c5 48. h4 49. gxh4 50. Bxh4 51. c6 52. Bc8 53.
Bd4 54. Bf6 55. Qe3 56. Bxd4 57. Qxd4 58. Rf7 59. g3 60. Rh7 61. Kg2 62. g5 63.
Rh1 64. gxf4 65. gxf4 66. Rg7+ 67. Kf2 68. e3+ 69. Kf3 70. Kf8 71. Rh8+ 72. Kf7
73. Rbh1 74. Qe4+ 75. Qxe4 76. fxe4+ 77. Kxe3 78. Ra8 79. Ba6 80. Rg8 81. R1h7+
82. Kf8 83. Bxc8 84. Rxc8 85. Rxg8+ 86. Kxg8 87. Rxa7 88. Kf8 89. Rd7 90. Ke8
91. Rxd6 92. Rc7 93. Kxe4 94. Ra7 95. a5 96. b5 97. Ke5 98. Rh7 99. Re6+ 100.
Kd8 101. Kd6 102. Rb7 103. Re8+ 104. Kxe8 105. cxb7 106. Kf7 107. b8=Q 108. Kg7
109. Qxb5 110. Kf6 111. a6 112. Kf7 113. a7 114. Kf6 115. a8=Q 116. Kf7 117. Qd7+
118. Kf6 119. Qe6+ 120. Kg7 1-0

[Event "Druzynowe Mistrzostwa Polski Juniorow - II liga"]
[Site "Sypniewo k. Jastrowia"]
[Date "2023-06-20"]
[Round "7.53"]
[White "Oszutowska, Anna"]
[Black "Mitrega, Wiktoria"]
[Result "0-1"]
[WhiteTitle "I"]
[BlackTitle "I"]
[WhiteElo "1369"]
[BlackElo "1348"]

1. e4 2. e6 3. d4 4. d5 5. Nd2 6. Nf6 7. e5 8. Nfd7 9. Bd3 10. c5 11. c3 12. Nc6
13. Ne2 14. cxd4 15. cxd4 16. Qb6 17. Nf3 18. f6 19. exf6 20. Nxf6 21. O-O 22.
Bd6 23. Re1 24. O-O 25. a3 26. Bd7 27. Rb1 28. Rae8 29. Bf4 30. e5 31. dxe5 32.
Nxe5 33. Nxe5 34. Bxe5 35. Bxe5 36. Rxe5 37. Nc3 38. Ng4 39. Rxe5 40. Qxf2+ 41.
Kh1 42. Qh4 43. Qxg4 44. Qxg4 45. Be2 46. Qf4 47. Rxd5 48. Bc6 49. Rdd1 50. Qg5
51. Bc4+ 52. Kh8 53. Bd5 54. Bxd5 55. Rxd5 56. Qf6 57. h3 58. Rd8 59. Ne4 60.
Qe7 61. Rbd1 62. Rxd5 63. Rxd5 64. h6 65. Nc3 66. Qe3 67. Rd7 68. Qc1+ 69. Kh2
70. Qxb2 71. Nd5 72. a6 73. Ne7 74. Kh7 75. a4 76. Qe5+ 77. Kh1 78. b5 79. axb5
80. axb5 81. Rb7 82. Qe2 83. Nc6 84. Qd1+ 85. Kh2 86. Qd6+ 87. Ne5 88. Qxe5+ 89.
Kg1 90. b4 91. Kf2 92. Qb2+ 93. Ke3 94. b3 95. Kd3 96. Qc2+ 97. Ke3 98. b2 0-1

[Event "Druzynowe Mistrzostwa Polski Juniorow - II liga"]
[Site "Sypniewo k. Jastrowia"]
[Date "2023-06-20"]
[Round "7.54"]
[White "Piotrowska, Weronika"]
[Black "Lukasik, Aleksandra"]
[Result "0-1"]
[WhiteTitle "II"]
[BlackTitle "I"]
[WhiteElo "1032"]
[BlackElo "1252"]

1. e4 2. e6 3. d4 4. d5 5. Nd2 6. dxe4 7. Nxe4 8. Bd7 9. Bd3 10. Bc6 11. Nf3 12.
Nd7 13. O-O 14. Ngf6 15. Qe2 16. Nxe4 17. Bxe4 18. Bxe4 19. Qxe4 20. c6 21. c3
22. Nf6 23. Qh4 24. Be7 25. Qg3 26. g6 27. Qe5 28. O-O 29. Bg5 30. Ng4 31. Qf4
32. Bxg5 33. Nxg5 34. Nf6 35. Qh4 36. Kg7 37. Rfe1 38. h6 39. Ne4 40. Nxe4 41.
Qxd8 42. Raxd8 43. Rxe4 44. Rd6 45. b4 46. b6 47. Rd1 48. Rc8 49. Kf1 50. c5 51.
bxc5 52. bxc5 53. Re2 54. Rcd8 55. Red2 56. Rd5 57. Ke2 58. c4 59. Rb2 60. a5
61. Rdb1 62. e5 63. Rb5 64. exd4 65. cxd4 66. Rxd4 67. Rxa5 68. Rc8 69. Rc1 70.
c3 71. Ra3 72. Rd2+ 73. Ke1 74. Re8+ 75. Kf1 76. c2 77. Re3 78. Rxe3 79. fxe3
80. Rd1+ 0-1

[Event "Druzynowe Mistrzostwa Polski Juniorow - II liga"]
[Site "Sypniewo k. Jastrowia"]
[Date "2023-06-20"]
[Round "7.55"]
[White "Kotula, Pawel"]
[Black "Jendrowiak, Maciej"]
[Result "1-0"]
[WhiteTitle "I"]
[BlackTitle "I"]
[WhiteElo "1798"]
[BlackElo "1892"]

1. d4 2. Nf6 3. e3 4. g6 5. Bd3 6. Bg7 7. Nd2 8. d6 9. f4 10. e5 11. Ngf3 12. exf4
13. exf4 14. O-O 15. O-O 16. c5 17. c3 18. Nd5 19. Nb3 20. cxd4 21. Nbxd4 22.
Nc6 23. Ne2 24. Re8 25. Ng5 26. Nf6 27. Ng3 28. d5 29. f5 30. Ne5 31. Bc2 32.
Qb6+ 33. Kh1 34. Bd7 35. a4 36. a5 37. Nf3 38. Nc4 39. Bb3 40. Bc6 41. Nd4 42.
Nd7 43. Rb1 44. Nc5 45. Bc2 46. Ne4 47. Bxe4 48. dxe4 49. Qe2 50. Bd5 51. b3 52.
Rac8 53. Nb5 54. Ne5 55. Be3 56. Qa6 57. Bd4 58. Bf8 59. Qe3 60. Nd3 61. fxg6
62. hxg6 63. Rf6 64. Re6 65. Rbf1 66. Bxb3 67. Rxf7 68. Rec6 69. R7f6 70. Bg7
71. Rxc6 72. Rxc6 73. Qxe4 74. Bc4 75. h3 76. Bxd4 77. Qe8+ 78. Kg7 79. Nxd4 80.
Rf6 81. Qe7+ 82. Rf7 83. Rxf7+ 84. Bxf7 85. Qe3 86. Nb2 87. Qg5 88. Kf8 89. Qd8+
Kg7 90. Qg5 91. Kf8 92. Ne4 93. Nxa4 94. Qe5 95. Nb2 96. Qh8+ 97. Ke7 98. Qh4+
99. Kf8 100. Ng5 101. Qf1+ 102. Kh2 103. Nd3 104. Ndf3 105. Qc1 106. Nxf7 107.
Qf4+ 108. Qxf4 109. Nxf4 110. Nd6 111. b6 112. Nb5 113. Ke7 114. Ne5 115. Ke6
116. Nc4 117. Kd5 118. Nca3 119. Ke4 120. h4 121. Ne2 122. g4 123. Kf4 124. Kh3
125. Ng1+ 126. Kg2 127. Ne2 128. h5 gxh5 129. gxh5 130. Kg5 131. c4 132. Kxh5
133. Kf3 134. Nc1 135. Ke3 136. Nb3 137. Nd6 138. a4 139. Nb7 140. Kg5 141. Kd3
142. Kf6 143. Nd6 144. Na5 145. Ndb5 146. Ke6 147. Kc3 148. Nxc4 149. Kxc4 150.
Ke5 151. Nb1 152. Ke4 153. N1c3+ 154. Ke5 155. Nxa4 156. Ke4 157. Nb2 158. Ke5
159. Nd1 160. Ke4 161. Ndc3+ 162. Ke5 163. Kd3 164. Kf5 165. Kd4 166. Kf4 167.
Nd5+ 168. Kf5 169. Ndc7 170. Kf4 171. Ne6+ 172. Kf5 173. Kd5 174. Kf6 175. Ned4
176. Kg6 177. Ke5 178. Kg7 179. Kf5 180. Kf7 181. Nc6 182. Kg7 183. Ne5 184. Kh8
185. Kg6 186. Kg8 187. Nd7 188. Kh8 189. Nd6 190. Kg8 191. Ne8 192. b5 193. Nef6+
194. Kh8 195. Ne5 1-0

[Event "Druzynowe Mistrzostwa Polski Juniorow - II liga"]
[Site "Sypniewo k. Jastrowia"]
[Date "2023-06-20"]
[Round "7.56"]
[White "Wierzbicki, Dawid"]
[Black "Jania, Kamil"]
[Result "1-0"]
[WhiteTitle "I"]
[BlackTitle "II"]
[WhiteElo "1762"]
[BlackElo "1130"]

1. Nf3 2. c6 3. b3 4. Nf6 5. Bb2 6. d5 7. g3 8. Bf5 9. Bg2 10. e6 11. d3 12. Be7
13. Nbd2 14. h6 15. O-O 16. O-O 17. c4 18. Re8 19. Qc2 20. Bf8 21. Rad1 22. Bh7
23. Qc1 24. Qe7 25. Rfe1 26. Na6 27. Qa1 28. Nd7 29. a3 30. Nc7 31. e4 32. Nc5
33. Qb1 34. Rad8 35. b4 36. dxe4 37. Nxe4 38. Nxd3 39. Rxd3 40. Rxd3 41. Qxd3
42. Rd8 43. Qe3 1-0

[Event "Druzynowe Mistrzostwa Polski Juniorow - II liga"]
[Site "Sypniewo k. Jastrowia"]
[Date "2023-06-20"]
[Round "7.57"]
[White "Feseniuk, Pavlo"]
[Black "Oles, Mateusz"]
[Result "1-0"]
[WhiteTitle "II"]
[BlackTitle "II"]
[WhiteElo "1350"]
[BlackElo "1471"]

1. e4 2. c5 3. Nf3 4. d6 5. d4 6. cxd4 7. Nxd4 8. Nf6 9. Nc3 10. g6 11. Be3 12.
Bg7 13. f3 14. O-O 15. Qd2 16. Nc6 17. Bc4 18. Nxd4 19. Bxd4 20. Be6 21. Bxe6
22. fxe6 23. O-O-O 24. Qa5 25. Kb1 26. Rac8 27. g4 28. Nd7 29. Bxg7 30. Kxg7 31.
f4 32. Nb6 33. Ne2 34. Qxd2 35. Rxd2 36. Rc4 37. Nd4 38. Kf7 39. Rf1 40. Rfc8
41. f5 42. exf5 43. exf5 44. g5 45. f6 46. e5 47. Nb5 48. Rf4 49. Nxd6+ 50. Kxf6
51. Rxf4+ 52. gxf4 53. Nxc8 54. Nxc8 55. h4 56. Ne7 57. Rd6+ 58. Kf7 59. h5 60.
f3 61. Kc1 62. f2 63. Rd1 64. Nd5 65. Kd2 66. Kf6 67. Ke2 68. Nb4 69. c3 70. Nc6
71. Kxf2 72. Ke6 73. Ke3 74. Ne7 75. Ke4 76. Nc8 77. Rd8 78. Nd6+ 79. Rxd6+ 80.
Kxd6 81. g5 82. Ke6 83. g6 84. hxg6 85. hxg6 Kf6 86. g7 87. Kxg7 88. Kxe5 89.
Kf7 90. Kd6 91. Kf6 92. Kc7 93. b5 94. Kb7 95. Ke5 96. Kxa7 97. Kd5 98. Kb6 99.
Kc4 100. Ka5 101. Kc5 102. b3 103. Kc6 104. b4 105. Kc7 106. Kxb5 107. Kb7 108.
a4 109. Ka7 110. a5 111. Kb7 112. a6+ 113. Ka7 114. c4 115. Ka8 116. Kb6 117.
Kb8 118. c5 119. Ka8 120. c6 121. Kb8 122. c7+ 1-0

[Event "Druzynowe Mistrzostwa Polski Juniorow - II liga"]
[Site "Sypniewo k. Jastrowia"]
[Date "2023-06-20"]
[Round "7.59"]
[White "Kieca, Aleksandra"]
[Black "Nieckarz, Maja"]
[Result "1/2-1/2"]
[WhiteTitle "I++"]
[BlackTitle "I++"]
[WhiteElo "1521"]
[BlackElo "1514"]

1. c4 2. Nf6 3. e3 4. g6 5. Nf3 6. Bg7 7. d4 8. d6 9. Nc3 10. O-O 11. d5 12. e5
13. dxe6 14. Bxe6 15. Be2 16. Nc6 17. O-O 18. Nd7 19. Nd4 20. Nc5 21. Nxe6 22.
fxe6 23. Qd2 24. a5 25. Rb1 26. Qf6 27. Nb5 28. Qf5 29. Ra1 30. Rf7 31. Nd4 32.
Nxd4 33. exd4 34. Ne4 35. Qd3 36. Nf6 37. Qxf5 38. exf5 39. Bf3 40. d5 41. Be3
42. Rd7 43. Rac1 44. c6 45. c5 46. Re7 47. Bd2 48. Ne4 49. Bc3 50. a4 51. a3 52.
Bh6 53. Rc2 54. Rae8 55. Bd1 56. Ra8 57. Re1 58. Kf7 59. f3 60. Nxc3 61. Rxe7+
62. Kxe7 63. bxc3 64. Be3+ 65. Kf1 66. f4 67. Ke2 68. Ra5 69. Ra2 70. Kd7 71.
Kd3 72. Kc7 73. g3 74. b6 75. cxb6+ 76. Kxb6 77. g4 78. g5 79. h3 80. Kc7 81.
Rh2 82. Bc1 83. Ra2 1/2-1/2

[Event "Druzynowe Mistrzostwa Polski Juniorow - II liga"]
[Site "Sypniewo k. Jastrowia"]
[Date "2023-06-20"]
[Round "7.61"]
[White "Grzadka, Artur"]
[Black "Kordowski, Karol"]
[Result "1-0"]
[WhiteTitle "I"]
[BlackTitle "II"]
[WhiteElo "1770"]
[BlackElo "1351"]

1. e4 2. d5 3. exd5 4. Nf6 5. Nf3 6. Nxd5 7. d4 8. Bf5 9. Bd3 10. Bxd3 11. Qxd3
12. Nc6 13. a3 14. e6 15. O-O 16. Be7 17. c4 18. Nf6 19. Nc3 20. h6 21. Rd1 22.
O-O 23. Be3 24. a6 25. Rac1 26. Ng4 27. Bf4 28. Bd6 29. Bxd6 30. Qxd6 31. Ne4
32. Qe7 33. h3 34. Nf6 35. Ng3 36. Rad8 37. Qb3 38. b6 39. Qa4 40. Nb8 41. Re1
42. Qd7 43. Qb3 44. Nc6 45. Rcd1 46. Rfe8 47. Qc3 48. Na7 49. Ne5 50. Qc8 51.
Qf3 52. Re7 53. Ng4 54. Nh7 55. h4 56. Rde8 57. Nh5 58. Qd8 59. Qg3 60. Kh8 61.
Nxh6 62. Rg8 63. Nxg8 64. Qxg8 65. d5 66. Nc8 67. dxe6 68. Nd6 69. exf7 70. Qxf7
71. Rxe7 72. Qxe7 73. Nf4 74. Nf8 75. h5 76. Qe5 77. Qh4 78. Qf6 79. Qg4 80. Kh7
81. b3 82. Qc3 83. Ng6 84. Kg8 85. h6 86. Qc2 87. Nxf8 88. Kxf8 89. Qxg7+ 90.
Ke8 91. Re1+ 1-0